000 01231nam a22003257a 4500
003 CHAP
005 20220329135619.0
008 971013s1981 r 00010 d
010 _a39300
011 _a40272
035 _a44397
040 _cCHAP
090 _aTesis
100 0 0 _aEstañol Rangel, Enrique.
_938276
245 _aHábitos y jerarquización en ganado lechero ; un estudio comparativo entre becerras y entre las madres de cada una de esas becerras y determinación de la influencia de la dominancia social con la producción láctea
260 _aMéxico, D. F. :
_bEl autor,
_c1981
300 _a30 h.
502 _aTesis (Médico Veterianrio Zootecnista) -- UNAM. Facultad de Medicina Veterinaria y Zootecnia
590 _aALEPH
_b10
_c20130110
_lUCH01
_h1307
590 _aBATCH-UPD
_b10
_c20130110
_lUCH01
_h1229
590 _aBATCH-UPD
_b10
_c20130410
_lUCH01
_h0800
590 _aBATCH-UPD
_b10
_c20130914
_lUCH01
_h1511
590 _aCONVERSION
_b10
_c20130109
_lUCH01
_h1322
650 1 4 _aGanado Holstein.
_945133
650 1 4 _aGanado lechero
_xHábitos y conducta.
_945271
650 1 4 _aGanado lechero
_xProducción.
_945288
901 _aBK
942 _cTESIS
949 _bBC
_cTES
_d-101722
_eTS1
_i44397
_si
999 _c39300
_d39300